000 00711nam a2200241 a 4500
001 61051
003 BD-RjUL
005 20211209080921.0
008 170114s1984 txua b 001 0 eng d
020 _a0256023735 (pbk.)
035 _a(BD-RjUL)61175
040 _aDLC
_cDLC
_dDLC
_beng
041 _aeng
082 0 0 _a004
_223
_bPOD 1984
100 1 _aPotter, George B.
_9182195
245 1 0 _aData processing :
_ban introduction /
_cGeorge B. Potter.
260 _aPlano, Tex. :
_bBusiness Publications,
_c1984.
300 _axiv, 612 p. :
_bill. ;
_c24 cm.
504 _aIncludes bibliographies and index.
650 0 _aElectronic data processing.
_9182193
650 0 _aComputers
_9182196
942 _2ddc
_cBK
999 _c61051
_d61051